000 00436nam a2200157 i 4500
001 95854
003 ES-MaACL
005 20230906181804.0
007 t|
008 050606s1911 xxk ||||1| eng d
100 1 _aMacdonald, James Ramsay.
_975118
245 1 4 _aThe socialist movement /
_cJames Ransay Macdonald.
260 _aLondon :
_bWilliams and Norgate,
_c1911.
300 _aXIII, 256 p. ;
_c19 cm.
852 _aES-MaACL
_jC-3080
999 _c95854
_d95854